Svet nemá slzy rád, ešte ťa...

Riaditeľ odboru zahraničnoobchodných vzťahov a výstavníctva Slovenskej poľnohospodárskej a potravinárskej komory (SPPK) Ing. Ladislav Abrahám, CSc., o zabezpečení slovenskej expozície na medzinárodnej výstave Agritech Springs v Tel Avive. Očakávané zintenzívnenie slovensko-izraelskej agropotravinárs...

Descrizione completa

Salvato in:
Dettagli Bibliografici
Autore principale: Abrahám, Ladislav
Altri autori: Nemec, Stanislav
Natura: Capitolo di libro
Lingua:slovacco
Soggetti:
Tags: Aggiungi Tag
Nessun Tag, puoi essere il primo ad aggiungerne!!

MARC

LEADER 00000naa a2200000 4500
001 r022706
005 20230801104422.1
041 0 |a slo 
044 |a SK 
245 1 0 |a Svet nemá slzy rád, ešte ťa...  |c Ladislav Abrahám, S. Nemec 
520 |a Riaditeľ odboru zahraničnoobchodných vzťahov a výstavníctva Slovenskej poľnohospodárskej a potravinárskej komory (SPPK) Ing. Ladislav Abrahám, CSc., o zabezpečení slovenskej expozície na medzinárodnej výstave Agritech Springs v Tel Avive. Očakávané zintenzívnenie slovensko-izraelskej agropotravinárskej výmeny. 
610 2 0 |a Slovensko 
610 2 0 |a Izrael 
610 2 0 |a 1996 
610 2 0 |a výmena tovarová 
610 2 0 |a výstavy 
610 2 0 |a Agritech Springs 
610 2 0 |a Tel Aviv 
610 2 0 |a Slovenská poľnohospodárska a potravinárska komora 
610 2 0 |a poľnohospodárstvo 
610 2 0 |a obchod zahraničný 
100 1 |a Abrahám, Ladislav 
700 1 |a Nemec, Stanislav